Identificación y evaluación de metales arqueológicos (Record no. 3747)

MARC details
000 -CABECERA
campo de control de longitud fija 00942nam a2200229 a 4500
001 - NÚMERO DE CONTROL
campo de control BRCA_4023
005 - FECHA Y HORA DE LA ÚLTIMA TRANSACCIÓN
campo de control 20190320204521.0
008 - DATOS DE LONGITUD FIJA--INFORMACIÓN GENERAL
campo de control de longitud fija 020210s1994----mx-a######---#000-0#spa-#
041 ## - CÓDIGO DE LENGUA
Código de lengua del texto/banda sonora o título independiente spa
044 ## - CÓDIGO DEL PAÍS DE LA ENTIDAD EDITORA/PRODUCTORA
Código MARC del país mx
050 #4 - SIGNATURA TOPOGRÁFICA DE LA BIBLIOTECA DEL CONGRESO
Número de clasificación TA479
Número de documento/Ítem .P47 1994
100 1# - ENTRADA PRINCIPAL--NOMBRE DE PERSONA
Nombre de persona Perdigón Castañeda, Judith Katia
9 (RLIN) 10457
245 10 - MENCIÓN DE TÍTULO
Título Identificación y evaluación de metales arqueológicos
Resto del título (coronas de monjas del siglo XIX del ex-convento de la encarnación).
260 ## - PUBLICACIÓN, DISTRIBUCIÓN, ETC.
Lugar de publicación, distribución, etc. Ciudad de México
Fecha de publicación, distribución, etc. 1994
300 ## - DESCRIPCIÓN FÍSICA
Extensión 87 p.
Otras características físicas il.
502 ## - NOTA DE TESIS
Nota de tesis Tesis Licenciatura (Licenciado en Conservación y Restauración de Bienes Muebles) INAH, Escuela Nacional de Conservación, Restauración y Museografía Manuel del Castillo Negrete
650 14 - PUNTO DE ACCESO ADICIONAL DE MATERIA--TÉRMINO DE MATERIA
Término de materia o nombre geográfico como elemento de entrada Metales
Subdivisión de forma Análisis
Subdivisión geográfica México
9 (RLIN) 10458
650 14 - PUNTO DE ACCESO ADICIONAL DE MATERIA--TÉRMINO DE MATERIA
Término de materia o nombre geográfico como elemento de entrada Coronas de monjas
Subdivisión de forma Evaluación
Subdivisión cronológica Siglo XIX
Subdivisión geográfica México
9 (RLIN) 10459
700 1# - PUNTO DE ACCESO ADICIONAL--NOMBRE DE PERSONA
Nombre de persona Ledezma Díaz, María de la Gracia
Término indicativo de función/relación directora de tesis
9 (RLIN) 10460
902 ## - CATALOGADOR
Iniciales TES
942 ## - ELEMENTOS DE PUNTO DE ACCESO ADICIONAL (KOHA)
Fuente del sistema de clasificación o colocación Library of Congress Classification
Tipo de ítem Koha Tesis
Holdings
Estado de retiro Estado de pérdida Estado dañado No para préstamo Localización permanente Ubicación/localización actual Fecha de adquisición Total de préstamos Signatura topográfica completa Código de barras Fecha visto por última vez Precio válido a partir de Tipo de ítem Koha
El ejemplar forma parte de la colección y puede ser consultado según las políticas vigentes.       Biblioteca del Museo Franz Mayer (Rogerio Casas-Alatriste) Biblioteca del Museo Franz Mayer (Rogerio Casas-Alatriste) 02/02/2010   TA479 .P47 1994 TES00013 22/03/2019 22/03/2019 Tesis